000 00377nam a2200157Ia 4500
008 230524s9999 xx 000 0 und d
082 _a621.3692
_bAGA
100 _aD.C.Agarwal
245 0 _aFiber Optic Communications
250 _a2ND
260 _aNEW DELHI
_bS.Chand
_c2003
300 _aXVI;428
500 _aQuantity Number: 2
650 _aElectronics
942 _cBK
999 _c12658
_d12658